Statistics for Countries Starting with T - Click Map Quiz

Click here to take the quiz!

General Stats

  • This quiz has been taken 48 times
  • The average score is 10 of 11

Answers on the Map

Answers color-coded by a green-red scale on the quiz's map according to % correct below.
 

Answer Stats

Answer% Correct
Tajikistan
100%
Turkey
100%
Thailand
97%
Tunisia
97%
Turkmenistan
97%
Taiwan
95%
Tanzania
95%
Togo
89%
Tuvalu
87%
Trinidad and Tobago
82%
Tonga
76%

Score Distribution

Percentile by Number Answered

Percent of People with Each Score

Your Score History

You have not taken this quiz